This year's models (Record no. 81216)
[ view plain ]
| 000 -LEADER | |
|---|---|
| fixed length control field | 01186cab a22001935a 4500 |
| 001 - CONTROL NUMBER | |
| control field | L146639 |
| 008 - FIXED-LENGTH DATA ELEMENTS--GENERAL INFORMATION | |
| fixed length control field | 090210e20090206xxkd f s 000 0 eng d |
| 035 ## - SYSTEM CONTROL NUMBER | |
| System control number | (Sirsi) u146639 |
| 041 0# - LANGUAGE CODE | |
| Language code of text/sound track or separate title | eng |
| 100 1# - MAIN ENTRY--PERSONAL NAME | |
| Personal name | Farmer, Mark |
| 245 00 - TITLE STATEMENT | |
| Title | This year's models |
| 260 ## - PUBLICATION, DISTRIBUTION, ETC. | |
| Date of publication, distribution, etc. | 2009 |
| 490 ## - SERIES STATEMENT | |
| Series statement | Property Week |
| Volume/sequential designation | 75(6) 6 February 2009, 39(1) |
| 520 ## - SUMMARY, ETC. | |
| Summary, etc. | Article looks at investment in UK residential property and sees a move away from capital values to rental values as property values continue to fall. Suggests that equity funding is moving to replace the shrinking buy to let sector, as lower prices mean that it is now possible to attain 10%+ gross rental yields. The author states that houses and larger properties are currently in demand among renters and that this, coupled with lower land prices may help create opportunities for investors. These opportunities are predicted to be at the expense of other investors who bought into a speculation-driven market without proper regard for the fundamentals of managing their portfolios. Features tables and statistics. |
| 590 ## - LOCAL NOTE (RLIN) | |
| Local note | KA |
| 651 #4 - SUBJECT ADDED ENTRY--GEOGRAPHIC NAME | |
| Geographic name | United Kingdom |
| Chronological subdivision | |
| 690 ## - LOCAL SUBJECT ADDED ENTRY--TOPICAL TERM (OCLC, RLIN) | |
| Topical term or geographic name as entry element | PROPERTY-PROPERTY FINANCE AND INVESTMENT |
| 942 ## - ADDED ENTRY ELEMENTS (KOHA) | |
| Suppress in OPAC | 0 |
| Withdrawn status | Lost status | Source of classification or shelving scheme | Damaged status | Not for loan | Home library | Current library | Shelving location | Date acquired | Total Checkouts | Full call number | Barcode | Date last seen | Copy number | Price effective from | Koha item type |
|---|---|---|---|---|---|---|---|---|---|---|---|---|---|---|---|
| Dewey Decimal Classification | London | London | Journal article | 10/02/2009 | L146639 | 146639-1001 | 06/08/2019 | 1 | 06/08/2019 | Journal article |